01553nam a22003734a 4500001001200000003000800012006001900020007001500039008004100054010001700095020001500112040002100127035002100148050002300169100001600192245011600208246005800324246002100382246001900403260006000422300001000482490008900492504004100581533015200622630005000774650002300824650003300847650002500880650002600905655002900931710001700960830007600977856012601053ebr10355161CaPaEBRm u cr cn|||||||||060503s2006 ne sb 000 0 eng d z 2006275268 z9004147217 aCaPaEBRcCaPaEBR a(OCoLC)56754883114aK639b.B744 2006eb1 aBrems, Eva.10aArticle 14h[electronic resource] :bthe right to freedom of thought, conscience, and religion /cby Eva Brems.30aRight to freedom of thought, conscience, and religion3 aArticle fourteen18aCRC commentary aLeiden ;aBoston :bMartinus Nijhoff Publishers,c2006. a39 p.1 aA commentary on the United Nations Convention on the Rights of the Child,x1574-8626 aIncludes bibliographical references. aElectronic reproduction.bPalo Alto, Calif. :cebrary,d2013.nAvailable via World Wide Web.nAccess may be limited to ebrary affiliated libraries.00aConvention on the Rights of the Childd(1989) 0aChildren's rights. 0aChildren (International law) 0aFreedom of religion. 0aIntellectual freedom. 7aElectronic books.2local2 aebrary, Inc. 0aCommentary on the United Nations Convention on the Rights of the Child.40uhttp://site.ebrary.com/lib/rucke/Doc?id=10355161zAn electronic book accessible through the World Wide Web; click to view